[Event "French Top 12 2013"]
[Site "Haguenau FRA"]
[Date "2013.05.31"]
[Round "2.8"]
[White "Le Bail, Clara"]
[Black "Leconte, Maria"]
[Result "0-1"]
[BlackTitle "WGM"]
[WhiteElo "1969"]
[BlackElo "2225"]
[WhiteTeam "Migne Echecs"]
[BlackTeam "Club d'Echecs Metz Fischer"]
[WhiteFideId "648167"]
[BlackFideId "618446"]
[EventDate "2013.05.30"]

1. e4 d6 2. Bc4 e5 3. Nf3 Be6 4. Bb3 Bxb3 5. axb3 Nf6 6. d3 Be7 7. O-O O-O 8.
Nbd2 Nc6 9. Re1 Re8 10. Nc4 Qd7 11. Bd2 Bf8 12. Na5 Nd8 13. Bg5 Be7 14. d4 exd4
15. Nxd4 Nxe4 16. Bxe7 Rxe7 17. Qf3 d5 18. b4 g6 19. Qe3 b6 20. Nab3 Ne6 21.
Nxe6 Rxe6 22. Nd4 Ree8 23. f3 Nd6 24. Qg5 Rxe1+ 25. Rxe1 Re8 26. Rxe8+ Qxe8 27.
Kf2 f5 28. Qf6 Qf7 29. Qd8+ Kg7 30. b3 Ne8 31. Nc6 f4 32. Ne5 Qe6 33. Qg5 Qf6
34. Qxf6+ Kxf6 35. Nc6 a6 36. Nb8 Ke5 37. Ke2 Kd6 38. Nxa6 Ng7 39. Kd3 Nf5 40.
c4 c6 41. c5+ bxc5 42. bxc5+ Kd7 43. Nb4 Nh4 44. Kd4 Nxg2 45. Nd3 g5 46. Ne5+
Kc7 47. b4 Nh4 48. Kd3 Kb7 49. Ke2 Nf5 50. Kd3 Ng7 51. Ng4 Ka6 52. Kc3 Kb5 53.
Nf6 h6 54. Ng4 Nf5 55. Ne5 Nh4 56. Kd4 Nf5+ 57. Kc3 d4+ 58. Kb3 Nh4 59. h3 h5
60. Ka3 d3 61. Kb3 d2 62. Kc2 Kxb4 63. Kxd2 Kxc5 64. Ke2 Nf5 65. Nf7 Nd4+ 66.
Kf2 Ne6 67. Ke2 Kd5 68. Kd2 Kd4 69. Nd6 c5 70. Nf7 c4 71. Nd6 c3+ 72. Ke2 c2 73.
Kd2 c1=Q+ 0-1

[Event "French Top 12 2013"]
[Site "Haguenau FRA"]
[Date "2013.05.31"]
[Round "2.1"]
[White "Salgado Lopez, Ivan"]
[Black "Fedorchuk, Sergey A."]
[Result "1/2-1/2"]
[WhiteTitle "GM"]
[BlackTitle "GM"]
[WhiteElo "2598"]
[BlackElo "2660"]
[WhiteTeam "L'Echiquier Chalonnais"]
[BlackTeam "Evry Grand Roque"]
[WhiteFideId "2257327"]
[BlackFideId "14102536"]
[EventDate "2013.05.30"]

1. e4 c5 2. c3 d5 3. exd5 Qxd5 4. Nf3 e6 5. d4 Nf6 6. Be3 cxd4 7. cxd4 Bd7 8.
Nc3 Bb4 9. Bd3 Bb5 10. O-O Bxc3 11. bxc3 O-O 12. Bxb5 Qxb5 13. Qb3 Qa6 14. Rab1
b6 15. Ne5 Rc8 16. c4 Nc6 17. Nxc6 Rxc6 18. Rfc1 Rac8 19. c5 Nd5 20. Rc2 h6 21.
Rbc1 Qb7 22. Bd2 Rd8 23. h3 Qd7 24. Qf3 Ne7 25. Be3 Qd5 26. Qxd5 Nxd5 27. cxb6
Rxc2 28. Rxc2 axb6 29. a4 Ra8 30. Rc4 Kf8 31. Kf1 Ke7 32. Bd2 Kd7 33. Ke2 Ne7
34. Rb4 Nc6 35. Rxb6 Rxa4 36. Rb7+ Ke8 37. Bc3 Nxd4+ 38. Bxd4 Rxd4 39. g3 g5 40.
Rb8+ Rd8 41. Rb4 h5 42. Rb5 f5 43. g4 Rd5 44. Rxd5 exd5 45. gxh5 Kf8 46. Kd3 Kg7
47. Kd4 Kh6 48. Kxd5 Kxh5 49. Ke5 f4 50. Ke4 Kh4 51. Kf5 f3 52. Ke4 Kxh3 1/2-1/2

[Event "French Top 12 2013"]
[Site "Haguenau FRA"]
[Date "2013.05.31"]
[Round "2.3"]
[White "David, Alberto"]
[Black "Nataf, Igor-Alexandre"]
[Result "1/2-1/2"]
[WhiteTitle "GM"]
[BlackTitle "GM"]
[WhiteElo "2584"]
[BlackElo "2548"]
[WhiteTeam "L'Echiquier Chalonnais"]
[BlackTeam "Evry Grand Roque"]
[WhiteFideId "4000013"]
[BlackFideId "605492"]
[EventDate "2013.05.30"]

1. e4 c5 2. Nf3 Nc6 3. Bb5 e6 4. O-O Nge7 5. Re1 a6 6. Bf1 d5 7. exd5 Nxd5 8. d4
Nf6 9. Be3 cxd4 10. Nxd4 Bd7 11. c4 Ne5 12. Nd2 Ng6 13. Rc1 Be7 14. Qf3 Qc7 15.
N2b3 O-O 16. c5 Rfc8 17. Bd2 a5 18. a4 Bxa4 19. Bxa5 Qd7 20. Bb4 e5 21. c6 Bxc6
22. Nxc6 bxc6 23. Bxe7 Qxe7 24. Rxc6 e4 25. Qc3 Rxc6 26. Qxc6 Rb8 27. Nd2 Qb4
28. Qc3 Qxb2 29. Qxb2 Rxb2 30. Nxe4 Nxe4 31. Rxe4 f6 32. g3 Ne5 33. Kg2 Rd2 34.
Bc4+ Nxc4 35. Rxc4 1/2-1/2

[Event "French Top 12 2013"]
[Site "Haguenau FRA"]
[Date "2013.05.31"]
[Round "2.4"]
[White "Zherebukh, Yaroslav"]
[Black "Sokolov, Ivan"]
[Result "0-1"]
[WhiteTitle "GM"]
[BlackTitle "GM"]
[WhiteElo "2629"]
[BlackElo "2642"]
[WhiteTeam "Evry Grand Roque"]
[BlackTeam "L'Echiquier Chalonnais"]
[WhiteFideId "14116804"]
[BlackFideId "14400030"]
[EventDate "2013.05.30"]

1. e4 e5 2. Nf3 Nc6 3. Bb5 a6 4. Bxc6 dxc6 5. O-O f6 6. d4 Bg4 7. dxe5 Qxd1 8.
Rxd1 fxe5 9. Nbd2 O-O-O 10. Re1 Bd6 11. h3 Bh5 12. Nh4 Nf6 13. Nf5 Bb4 14. c3
Bf8 15. g4 Bf7 16. Nf3 Re8 17. Kg2 h5 18. Ng5 Bg8 19. Kg3 Nh7 20. Rd1 a5 21.
Nxh7 Rxh7 22. Bg5 g6 23. Nh4 Bd6 24. Bf6 Be6 25. g5 Rf7 26. b3 b5 27. Rac1 Ref8
28. Rd3 Rg8 29. Nf3 c5 30. c4 bxc4 31. bxc4 a4 32. Kg2 Re8 33. Nh4 Rg8 34. Nf3
Re8 35. Nh4 Rg8 36. Rd2 Be7 37. Bxe7 Rxe7 38. Rd3 Bf7 39. Nf3 Rd8 40. Rxd8+ Kxd8
41. Ne1 Rd7 42. Nf3 Re7 43. Ne1 Rd7 44. Nf3 Re7 45. Rc3 Be8 46. Ne1 Bc6 47. f3
Kd7 48. Nd3 Kd6 49. h4 Re8 50. Rc1 Rb8 51. Kf2 Be8 52. Ke3 Bf7 53. Kd2 a3 54.
Kc3 Ra8 55. Rd1 c6 56. f4 exf4 57. e5+ Ke7 58. Nxc5 Be6 59. Rb1 Bf5 60. Rf1 Rb8
61. Nb3 c5 62. Rxf4 Ke6 63. Rf2 Kxe5 64. Nxc5 Rb1 65. Re2+ Kf4 66. Ne6+ Kg3 67.
Nd4 Bg4 68. Rc2 Kxh4 69. c5 Kxg5 70. c6 h4 71. Rg2 Rb8 72. Ne6+ Kf5 73. Nd4+ Kf4
74. Rf2+ Kg3 75. Rf6 Bh5 76. Ne6 h3 77. c7 Rc8 78. Rf8 Rxf8 79. Nxf8 Bg4 0-1

[Event "French Top 12 2013"]
[Site "Haguenau FRA"]
[Date "2013.05.31"]
[Round "2.6"]
[White "Sochacki, Christophe"]
[Black "Dourerassou, Jonathan"]
[Result "1-0"]
[WhiteTitle "IM"]
[BlackTitle "IM"]
[WhiteElo "2414"]
[BlackElo "2464"]
[WhiteTeam "Evry Grand Roque"]
[BlackTeam "L'Echiquier Chalonnais"]
[WhiteFideId "662569"]
[BlackFideId "628050"]
[EventDate "2013.05.30"]

1. e4 e6 2. d4 d5 3. Nc3 Nf6 4. e5 Nfd7 5. f4 c5 6. Nf3 Nc6 7. Be3 a6 8. a3 b5
9. dxc5 Bxc5 10. Bxc5 Nxc5 11. Nd4 Qb6 12. Nxc6 Qxc6 13. Qd4 O-O 14. Rc1 Rb8 15.
Bd3 Qb6 16. b4 Nxd3+ 17. Qxd3 f6 18. exf6 Rxf6 19. Rf1 Bb7 20. Kd2 Rbf8 21. g3
e5 22. fxe5 Rxf1 23. Rxf1 Qh6+ 24. Ke1 Qc1+ 25. Nd1 Re8 26. Qf5 h6 27. Qf7+ Kh7
28. Qxe8 Qxc2 29. Qh5 Bc8 30. Qe2 Qg6 31. Kd2 Bh3 32. Rf4 Kg8 33. Qd3 Qe6 34.
Ne3 d4 35. Rxd4 Qa2+ 36. Qc2 Qa1 37. Rd8+ Kf7 38. Qc7+ Kg6 39. Rd6+ Kh7 40. Qc2+
Kg8 41. Qg6 1-0

[Event "French Top 12 2013"]
[Site "Haguenau FRA"]
[Date "2013.05.31"]
[Round "2.7"]
[White "Cossin, Sebastien"]
[Black "Moussard, Jules"]
[Result "1-0"]
[WhiteTitle "IM"]
[BlackTitle "IM"]
[WhiteElo "2509"]
[BlackElo "2437"]
[WhiteTeam "L'Echiquier Chalonnais"]
[BlackTeam "Evry Grand Roque"]
[WhiteFideId "618802"]
[BlackFideId "642908"]
[EventDate "2013.05.30"]

1. d4 g6 2. c4 Bg7 3. Nc3 d6 4. e4 Nd7 5. Nf3 e5 6. d5 Ne7 7. Bd3 O-O 8. g4 Nc5
9. Rg1 Nxd3+ 10. Qxd3 c5 11. h4 Bd7 12. h5 a6 13. hxg6 fxg6 14. Ng5 Rf6 15. Ne6
Bxe6 16. g5 Rxf2 17. Kxf2 Bd7 18. Kg3 b5 19. b3 b4 20. Nd1 Nf5+ 21. exf5 e4 22.
Qb1 Bxf5 23. Be3 Qe7 24. Nf2 Rf8 25. Kg2 Bd4 26. Qe1 Qe5 27. Rd1 a5 28. Kh1 h5
29. gxh6 Kh7 30. Rg2 Bc3 31. Qg1 a4 32. bxa4 Ra8 33. Qh2 Qf6 34. Nh3 Kh8 35. Ng5 1-0

[Event "French Top 12 2013"]
[Site "Haguenau FRA"]
[Date "2013.05.31"]
[Round "2.8"]
[White "Bergez, Luc"]
[Black "Benmesbah, Natacha"]
[Result "1-0"]
[WhiteTitle "IM"]
[BlackTitle "WIM"]
[WhiteElo "2399"]
[BlackElo "2237"]
[WhiteTeam "Evry Grand Roque"]
[BlackTeam "L'Echiquier Chalonnais"]
[WhiteFideId "606600"]
[BlackFideId "642002"]
[EventDate "2013.05.30"]

1. e4 c5 2. Nf3 Nc6 3. c3 d5 4. exd5 Qxd5 5. d4 Bf5 6. Be3 Nf6 7. dxc5 Qxd1+ 8.
Kxd1 Ng4 9. Nbd2 e6 10. b4 a5 11. Bb5 Nxe3+ 12. fxe3 O-O-O 13. Bxc6 bxc6 14. Nd4
Bg4+ 15. Kc2 Kc7 16. Nc4 axb4 17. cxb4 Rd5 18. Kc3 e5 19. Nxc6 f6 20. Na7 e4 21.
Nb5+ Kc6 22. Nd4+ Kc7 23. a4 f5 24. Nb6 Re5 25. a5 Be7 26. a6 Bxc5 27. bxc5
Rxc5+ 28. Nc4 1-0

[Event "French Top 12 2013"]
[Site "Haguenau FRA"]
[Date "2013.05.31"]
[Round "2.1"]
[White "Ragger, Markus"]
[Black "Gajewski, Grzegorz"]
[Result "1/2-1/2"]
[WhiteTitle "GM"]
[BlackTitle "GM"]
[WhiteElo "2666"]
[BlackElo "2653"]
[WhiteTeam "Bischwiller"]
[BlackTeam "Mulhouse Philidor"]
[WhiteFideId "1610856"]
[BlackFideId "1116207"]
[EventDate "2013.05.30"]

1. d4 Nf6 2. c4 e6 3. Nf3 b6 4. g3 Bb7 5. Bg2 Be7 6. O-O O-O 7. d5 exd5 8. Nh4
c6 9. cxd5 Nxd5 10. Nf5 Nc7 11. Nc3 d5 12. e4 Bf6 13. exd5 cxd5 14. Bf4 Nba6 15.
Re1 Bc8 16. Nd6 Be6 17. Nxd5 Bxd5 18. Bxd5 Nxd5 19. Qxd5 Bxb2 20. Rad1 Nc5 21.
h4 h6 22. Re2 Bf6 23. Qf3 Ne6 24. Re4 Nxf4 25. Rxf4 Be5 26. Nxf7 Qc7 27. Nxe5 1/2-1/2

[Event "French Top 12 2013"]
[Site "Haguenau FRA"]
[Date "2013.05.31"]
[Round "2.2"]
[White "Wojtaszek, Radoslaw"]
[Black "Volokitin, Andrei"]
[Result "1/2-1/2"]
[WhiteTitle "GM"]
[BlackTitle "GM"]
[WhiteElo "2701"]
[BlackElo "2687"]
[WhiteTeam "Mulhouse Philidor"]
[BlackTeam "Bischwiller"]
[WhiteFideId "1118358"]
[BlackFideId "14107090"]
[EventDate "2013.05.30"]

1. d4 Nf6 2. c4 g6 3. Nc3 d5 4. Nf3 Bg7 5. Qb3 dxc4 6. Qxc4 O-O 7. e4 a6 8. Be2
b5 9. Qb3 c5 10. dxc5 Bb7 11. O-O Nxe4 12. Nxe4 Bxe4 13. Bg5 Qd5 14. Qe3 Nc6 15.
Rad1 Qe6 16. Rd2 Rfd8 17. Rfd1 Rxd2 18. Rxd2 Rd8 19. Rxd8+ Nxd8 20. Bf4 Bd5 21.
Qd2 Nc6 22. b3 Bc3 23. Qd1 Nd4 1/2-1/2

[Event "French Top 12 2013"]
[Site "Haguenau FRA"]
[Date "2013.05.31"]
[Round "2.3"]
[White "Le Roux, Jean-Pierre"]
[Black "Sokolov, Andrei1"]
[Result "1/2-1/2"]
[WhiteTitle "GM"]
[BlackTitle "GM"]
[WhiteElo "2576"]
[BlackElo "2563"]
[WhiteTeam "Bischwiller"]
[BlackTeam "Mulhouse Philidor"]
[WhiteFideId "609404"]
[BlackFideId "627089"]
[EventDate "2013.05.30"]

1. d4 Nf6 2. c4 e6 3. Nf3 Bb4+ 4. Bd2 a5 5. Nc3 O-O 6. Qc2 d5 7. Bg5 c5 8. dxc5
Na6 9. a3 Bxc5 10. O-O-O h6 11. Bh4 Be7 12. g4 Nxg4 13. Bg3 Bd7 14. Rg1 Nc5 15.
Bf4 f5 16. e3 Ne4 17. Nxe4 dxe4 18. Ne5 Nxe5 19. Bxe5 Bf6 20. Qc3 Bxe5 21. Qxe5
Qe7 22. Be2 a4 23. Rg6 Kh7 24. Rdg1 Rg8 25. Bh5 Rac8 26. Kb1 Rxc4 27. h4 b5 28.
Qg3 Rcc8 29. Qe5 Rcf8 30. Qc7 1/2-1/2

[Event "French Top 12 2013"]
[Site "Haguenau FRA"]
[Date "2013.05.31"]
[Round "2.4"]
[White "Degraeve, Jean-Marc"]
[Black "Schlosser, Philipp"]
[Result "1/2-1/2"]
[WhiteTitle "GM"]
[BlackTitle "GM"]
[WhiteElo "2567"]
[BlackElo "2602"]
[WhiteTeam "Mulhouse Philidor"]
[BlackTeam "Bischwiller"]
[WhiteFideId "600270"]
[BlackFideId "4600169"]
[EventDate "2013.05.30"]

1. e4 c5 2. Nf3 e6 3. b3 a6 4. Bb2 Nc6 5. d4 cxd4 6. Nxd4 Qf6 7. c3 Bc5 8. Qd3
Nge7 9. Nd2 O-O 10. g3 d5 11. Bg2 Bd7 12. a3 Ba7 13. N4f3 Ne5 14. Qe2 Ng4 15. e5
Qf5 16. O-O Qc2 17. Rab1 Bb5 18. c4 dxc4 19. bxc4 Bc6 20. Bd4 Bxf3 21. Bxf3 Bxd4
22. Bxg4 Nc6 23. Bf3 Nxe5 24. Bxb7 Rab8 25. Be4 Qa2 26. Qd1 Rxb1 27. Nxb1 Qxc4
28. Nd2 Qa2 29. Nf3 Nxf3+ 30. Qxf3 g6 31. Qd3 Bc5 32. Qxa6 Bxa3 33. Rc1 Kg7 34.
Kg2 Qb2 35. Rc8 Qd4 36. Rc4 Qb2 37. Rc8 Qe5 38. Bf3 Rxc8 39. Qxc8 Bc5 40. Qa6
Qd4 41. Qa2 g5 42. h3 f5 43. g4 Kf6 44. gxf5 exf5 45. Qa6+ Ke5 46. Qe2+ Kf4 47.
Bc6 g4 48. hxg4 fxg4 49. Qe3+ Qxe3 50. fxe3+ Bxe3 51. Bd7 h5 52. Bc8 Ke5 1/2-1/2

[Event "French Top 12 2013"]
[Site "Haguenau FRA"]
[Date "2013.05.31"]
[Round "2.5"]
[White "Marcelin, Cyril"]
[Black "Ider, Borya"]
[Result "1/2-1/2"]
[WhiteTitle "GM"]
[BlackTitle "FM"]
[WhiteElo "2488"]
[BlackElo "2389"]
[WhiteTeam "Bischwiller"]
[BlackTeam "Mulhouse Philidor"]
[WhiteFideId "607274"]
[BlackFideId "4901134"]
[EventDate "2013.05.30"]

1. c4 e6 2. g3 Nf6 3. Bg2 d5 4. Nf3 c6 5. O-O Bd6 6. d3 O-O 7. Nc3 Nbd7 8. cxd5
exd5 9. e4 Re8 10. exd5 Nxd5 11. Nxd5 cxd5 12. Qb3 Nf6 13. Bg5 h6 14. Bxf6 Qxf6
15. Qxd5 Rd8 16. Qb3 Rb8 17. d4 Bg4 18. Rad1 Be7 19. Rd3 Qb6 20. Ne5 Qxb3 21.
Rxb3 Be6 22. d5 Bxd5 23. Bxd5 Rxd5 24. Nc6 Re8 25. Rxb7 Bc5 26. b4 Bf8 27. Rxa7
Re6 28. Rc1 Rd2 29. a3 Rf6 30. f4 g5 31. Ne5 gxf4 32. Rf1 Bd6 33. gxf4 Ra2 34.
Nd3 Rd2 35. Ne5 Ra2 36. Nd3 Rd2 37. Ne5 Ra2 38. Nd3 Rd2 39. Rf3 Rg6+ 40. Kf1
Rgg2 41. Nf2 Rxh2 42. Nd3 Rhg2 43. Rg3+ 1/2-1/2

[Event "French Top 12 2013"]
[Site "Haguenau FRA"]
[Date "2013.05.31"]
[Round "2.6"]
[White "Riff, Jean-Noel"]
[Black "Kosten, Anthony C."]
[Result "1/2-1/2"]
[WhiteTitle "IM"]
[BlackTitle "GM"]
[WhiteElo "2458"]
[BlackElo "2479"]
[WhiteTeam "Mulhouse Philidor"]
[BlackTeam "Bischwiller"]
[WhiteFideId "611190"]
[BlackFideId "400114"]
[EventDate "2013.05.30"]

1. e4 e5 2. Nf3 Nc6 3. Bb5 Nf6 4. O-O Nxe4 5. d4 Nd6 6. Bxc6 dxc6 7. dxe5 Nf5 8.
Qxd8+ Kxd8 9. Nc3 Bd7 10. h3 h6 11. b3 b6 12. Ne2 c5 13. Rd1 Kc8 14. Nf4 Bc6 15.
Nd5 Ne7 16. c4 Kb7 17. Bb2 Rd8 18. Nxe7 1/2-1/2

[Event "French Top 12 2013"]
[Site "Haguenau FRA"]
[Date "2013.05.31"]
[Round "2.7"]
[White "Maisuradze, Nino"]
[Black "Shoker, Samy"]
[Result "0-1"]
[WhiteTitle "WGM"]
[BlackTitle "IM"]
[WhiteElo "2304"]
[BlackElo "2469"]
[WhiteTeam "Bischwiller"]
[BlackTeam "Mulhouse Philidor"]
[WhiteFideId "13601717"]
[BlackFideId "627143"]
[EventDate "2013.05.30"]

1. d4 d6 2. Nf3 g6 3. c3 Bg7 4. Bg5 Nf6 5. Nbd2 O-O 6. e4 c5 7. dxc5 dxc5 8. Be2
Nc6 9. O-O Qc7 10. Qc2 Nh5 11. Rfd1 Rb8 12. a4 a6 13. Nc4 Nf4 14. Bxf4 Qxf4 15.
Nb6 Qc7 16. Nd5 Qa5 17. Nd2 Qd8 18. Nc4 Kh8 19. a5 Be6 20. Qc1 Ne5 21. Qe3 Nd7
22. Ndb6 Qc7 23. Nxd7 Bxd7 24. Rd5 Bc6 25. Rxc5 Rfd8 26. h4 e6 27. Nb6 Qe7 28.
Bxa6 Bh6 29. Qxh6 Qxc5 30. Be2 Bxe4 31. Nc4 Bc6 32. b4 Qd5 33. Ne3 Qe5 34. b5
Qxc3 35. Rf1 Be4 36. Qf4 f5 37. h5 g5 38. Qxg5 Rg8 39. Qh6 Rg7 40. f3 Bd5 41.
Nxd5 exd5 42. Qf4 Re8 43. Rc1 Qxa5 44. Qd4 h6 45. Qxd5 Qb6+ 46. Kf1 Qe3 47. Re1
Qg5 48. g4 fxg4 49. Qxg5 Rxg5 50. fxg4 Rge5 51. Kf2 Kg7 52. Kf3 Kf6 53. Kf2 Kg5
54. Kf3 Re3+ 55. Kf2 Kf4 56. b6 R8e6 57. Kf1 Kg3 58. g5 hxg5 59. h6 Rxh6 60. Kg1
Rxb6 61. Bf1 Rxe1 0-1

[Event "French Top 12 2013"]
[Site "Haguenau FRA"]
[Date "2013.05.31"]
[Round "2.8"]
[White "Choisy, Mathilde"]
[Black "Bellahcene, Bilel"]
[Result "0-1"]
[WhiteTitle "WFM"]
[BlackTitle "FM"]
[WhiteElo "2166"]
[BlackElo "2355"]
[WhiteTeam "Mulhouse Philidor"]
[BlackTeam "Bischwiller"]
[WhiteFideId "634565"]
[BlackFideId "696358"]
[EventDate "2013.05.30"]

1. e4 e6 2. d4 d5 3. exd5 exd5 4. Bd3 Bd6 5. Qf3 c6 6. Ne2 Nd7 7. O-O Ne7 8. Bf4
Nf6 9. Bxd6 Qxd6 10. c3 O-O 11. Qf4 Qxf4 12. Nxf4 Ng6 13. Nxg6 hxg6 14. Nd2 Bf5
15. Bxf5 gxf5 16. f3 Rfe8 17. Rfe1 Nh5 18. g3 g6 19. Kf2 Ng7 20. Rxe8+ Rxe8 21.
Re1 Ne6 22. Nb3 b6 23. Nc1 Kg7 24. Nd3 Rh8 25. Kg2 c5 26. dxc5 bxc5 27. Re5 Rd8
28. Kf2 Kf6 29. f4 a5 30. Re2 a4 31. Ne5 g5 32. fxg5+ Nxg5 33. Nd3 Ne4+ 34. Kf3
a3 35. Rc2 axb2 36. Nxb2 Ra8 37. Nd1 Ke5 38. Nf2 Ra3 39. Nd3+ Kd6 40. Kf4 Nxc3
41. h4 d4 42. Kxf5 c4 43. Nf2 Kd5 44. h5 d3 45. Rd2 Kd4 46. h6 Ra5+ 47. Kf6 Rh5
48. Kg7 Ne4 49. Nxe4 Kxe4 50. g4 Rh4 51. g5 c3 52. Rg2 d2 0-1

[Event "French Top 12 2013"]
[Site "Haguenau FRA"]
[Date "2013.06.01"]
[Round "3.3"]
[White "Gajewski, Grzegorz"]
[Black "Bauer, Christian"]
[Result "1-0"]
[WhiteTitle "GM"]
[BlackTitle "GM"]
[WhiteElo "2653"]
[BlackElo "2638"]
[WhiteTeam "Mulhouse Philidor"]
[BlackTeam "Vandoeuvre-Echecs"]
[WhiteFideId "1116207"]
[BlackFideId "603767"]
[EventDate "2013.05.30"]

1. d4 a6 2. c4 b5 3. cxb5 axb5 4. e4 Bb7 5. Bxb5 Bxe4 6. Nf3 Nf6 7. Nc3 Bxf3 8.
Qxf3 c6 9. O-O d5 10. Bd3 e6 11. Re1 Nbd7 12. Qg3 Qb6 13. Be3 Qxb2 14. Rec1 Qa3
15. Rab1 Bd6 16. Qxg7 Rg8 17. Qh6 Ng4 18. Qh3 Bxh2+ 19. Kf1 Qd6 20. Ne2 Rxa2 21.
Bb5 Nb8 22. Qxh7 Nf6 23. Qh4 cxb5 24. Qxf6 Nc6 25. Rxb5 Qd7 26. g3 Ra8 27. Rbc5
Ra6 28. Kg2 1-0

[Event "French Top 12 2013"]
[Site "Haguenau FRA"]
[Date "2013.06.01"]
[Round "3.4"]
[White "Brunner, Nicolas"]
[Black "Shoker, Samy"]
[Result "0-1"]
[WhiteTitle "IM"]
[BlackTitle "IM"]
[WhiteElo "2412"]
[BlackElo "2469"]
[WhiteTeam "Vandoeuvre-Echecs"]
[BlackTeam "Mulhouse Philidor"]
[WhiteFideId "620246"]
[BlackFideId "627143"]
[EventDate "2013.05.30"]

1. d4 Nf6 2. c4 d6 3. Nc3 e5 4. Nf3 e4 5. Ng5 Bf5 6. g4 Bxg4 7. Bg2 Nc6 8. Ngxe4
Be7 9. Be3 O-O 10. Qd2 Bf5 11. Ng3 Bg6 12. Bf3 d5 13. Bxd5 Nb4 14. Be4 Nxe4 15.
Ncxe4 f5 16. a3 Nc6 17. Nc3 Na5 18. Rd1 Nxc4 19. Qc1 Nxe3 20. fxe3 Bg5 21. O-O
h5 22. Rf2 h4 23. Nf1 Bh6 24. Qc2 Kh7 25. Qb3 b6 26. Nd5 Bf7 27. Rxf5 c6 28.
Rxf7 Qg5+ 29. Kh1 Rxf7 30. Nf4 Qf5 31. Qd3 Bxf4 32. exf4 Qxd3 33. Rxd3 Rxf4 34.
Kg1 Rg4+ 35. Kh1 Rf8 36. Ne3 h3 37. d5 c5 38. Rd1 Re4 39. Nf1 Rd4 40. Rc1 Rf2
41. Kg1 Rg2+ 42. Kh1 Rxe2 43. Rc3 Rxb2 44. Rxh3+ Kg8 45. Ne3 Rdd2 0-1

[Event "French Top 12 2013"]
[Site "Haguenau FRA"]
[Date "2013.06.01"]
[Round "3.5"]
[White "Sokolov, Andrei1"]
[Black "Le Corre, Benjamin"]
[Result "1/2-1/2"]
[WhiteTitle "GM"]
[BlackTitle "FM"]
[WhiteElo "2563"]
[BlackElo "2300"]
[WhiteTeam "Mulhouse Philidor"]
[BlackTeam "Vandoeuvre-Echecs"]
[WhiteFideId "627089"]
[BlackFideId "639605"]
[EventDate "2013.05.30"]

1. e4 c5 2. Nf3 Nc6 3. Bb5 Qc7 4. O-O Nf6 5. Re1 e5 6. c3 a6 7. Bxc6 dxc6 8. d4
cxd4 9. cxd4 exd4 10. e5 Nd5 11. Nxd4 Be6 12. Nxe6 fxe6 13. Nc3 Nxc3 14. bxc3
Bc5 15. Be3 Bxe3 16. Rxe3 Rd8 17. Qb3 Qe7 18. Rd1 Rxd1+ 19. Qxd1 O-O 20. g3 Qg5
21. Qd7 Qf5 22. Re2 h5 23. h4 Rf7 24. Qd4 Qb1+ 25. Kg2 Rf5 26. Qd7 Kh7 27. Qxe6
Qd3 28. Re3 Qc2 29. Re2 Qd3 30. Re3 Qc2 31. Rf3 Rxf3 32. Kxf3 Qxc3+ 33. Kg2 Qd3
34. Qd6 Qe4+ 35. Kg1 Qe1+ 36. Kg2 Qe4+ 37. Kg1 Qb1+ 1/2-1/2

[Event "French Top 12 2013"]
[Site "Haguenau FRA"]
[Date "2013.06.01"]
[Round "3.7"]
[White "Ider, Borya"]
[Black "Philippe, Christophe"]
[Result "1/2-1/2"]
[WhiteTitle "FM"]
[BlackTitle "IM"]
[WhiteElo "2389"]
[BlackElo "2372"]
[WhiteTeam "Mulhouse Philidor"]
[BlackTeam "Vandoeuvre-Echecs"]
[WhiteFideId "4901134"]
[BlackFideId "610038"]
[EventDate "2013.05.30"]

1. d4 d5 2. Nf3 Nc6 3. e3 Bg4 4. Bb5 e6 5. c4 Ne7 6. cxd5 exd5 7. Nc3 a6 8. Be2
g6 9. Bd2 Bg7 10. Rc1 O-O 11. Na4 b6 12. b4 Qd6 13. Qb3 Rfe8 14. O-O Nf5 15. h3
Bxf3 16. Bxf3 Nce7 17. Qc2 Ra7 18. g3 Qf6 19. Bg2 Nd6 20. Nb2 c6 21. a4 Rc7 22.
Nd3 Nc4 23. Bc3 Nf5 24. b5 axb5 25. axb5 Na3 26. Qb3 Nxb5 27. Bxd5 cxd5 28. Qxb5
Rec8 29. Bd2 Rxc1 30. Rxc1 Rd8 31. Rc6 Qg5 32. Qxb6 Nxg3 33. fxg3 Qxg3+ 34. Kf1
Qxh3+ 35. Ke2 Qg4+ 36. Ke1 Qg1+ 37. Ke2 Qg4+ 38. Ke1 Qg1+ 39. Ke2 1/2-1/2

[Event "French Top 12 2013"]
[Site "Haguenau FRA"]
[Date "2013.06.01"]
[Round "3.8"]
[White "Steil-Antoni, Fiona"]
[Black "Haussernot, Cecile"]
[Result "1-0"]
[WhiteTitle "WIM"]
[BlackTitle "WFM"]
[WhiteElo "2149"]
[BlackElo "2135"]
[WhiteTeam "Vandoeuvre-Echecs"]
[BlackTeam "Mulhouse Philidor"]
[WhiteFideId "4001249"]
[BlackFideId "601632"]
[EventDate "2013.05.30"]

1. e4 c5 2. Nf3 d6 3. Bc4 Nf6 4. d3 Nc6 5. c3 Bg4 6. Qb3 e6 7. Qxb7 Rc8 8. Bb5
Qd7 9. Qxd7+ Kxd7 10. Nbd2 Be7 11. e5 Ne8 12. h3 Bxf3 13. Nxf3 d5 14. O-O Rb8
15. Ba4 Rg8 16. d4 h6 17. dxc5 Bxc5 18. Be3 Bxe3 19. fxe3 Kc7 1-0

[Event "French Top 12 2013"]
[Site "Haguenau FRA"]
[Date "2013.06.01"]
[Round "3.1"]
[White "Nyzhnyk, Illya"]
[Black "Schlosser, Philipp"]
[Result "1-0"]
[WhiteTitle "GM"]
[BlackTitle "GM"]
[WhiteElo "2635"]
[BlackElo "2602"]
[WhiteTeam "Evry Grand Roque"]
[BlackTeam "Bischwiller"]
[WhiteFideId "14118084"]
[BlackFideId "4600169"]
[EventDate "2013.05.30"]

1. d4 Nf6 2. c4 e6 3. Nf3 b6 4. g3 Bb4+ 5. Nbd2 Bb7 6. Bg2 O-O 7. O-O c5 8. a3
Bxd2 9. Bxd2 cxd4 10. Bb4 Re8 11. Qxd4 Nc6 12. Qd6 Ne4 13. Qf4 d5 14. Rfd1 Qf6
15. cxd5 Nxb4 16. axb4 Bxd5 17. Nd4 Qxf4 18. gxf4 a5 19. Nb5 axb4 20. Rac1 Ra5
21. Nc7 Rb8 22. Nxd5 exd5 23. Rd4 Rb5 24. Rcd1 f5 25. Rxd5 Rxd5 26. Rxd5 Rc8 27.
Bf3 g6 28. Rb5 Rc4 29. Rxb6 Kg7 30. Bxe4 Rxe4 31. e3 Kh6 32. b3 Kh5 33. Rb5 1-0

[Event "French Top 12 2013"]
[Site "Haguenau FRA"]
[Date "2013.06.01"]
[Round "3.2"]
[White "Volokitin, Andrei"]
[Black "Zherebukh, Yaroslav"]
[Result "1-0"]
[WhiteTitle "GM"]
[BlackTitle "GM"]
[WhiteElo "2687"]
[BlackElo "2629"]
[WhiteTeam "Bischwiller"]
[BlackTeam "Evry Grand Roque"]
[WhiteFideId "14107090"]
[BlackFideId "14116804"]
[EventDate "2013.05.30"]

1. e4 e5 2. Nf3 Nc6 3. d4 exd4 4. Nxd4 Nf6 5. Nxc6 bxc6 6. e5 Qe7 7. Qe2 Nd5 8.
c4 Nb6 9. Nc3 Qe6 10. Bd2 Bb4 11. f4 O-O 12. Qe4 Bxc3 13. Bxc3 d5 14. Qf3 Nxc4
15. Bxc4 dxc4 16. O-O Qd5 17. f5 Qxf3 18. Rxf3 Rb8 19. Rd1 Rb5 20. Rd4 Rd5 21.
Rxc4 c5 22. Kf2 g6 23. Rg4 Bd7 24. h4 Rb8 25. e6 Be8 26. e7 Bd7 27. Re4 gxf5 28.
Rg3# 1-0